000 00598nam a22001697a 4500
020 _qHard Cover.
082 _a660
100 _aBahadar, Ali
245 _aPRODUCTION OF BIODIESEL USING HETEROGENEOUS CATALYST AND SUPER CRITICAL FLUID EXTRACTION /
_cAli Bahadar
260 _aIslamabad:
_bSCME - NUST,
_c2014.
300 _axviii, 253 p. : ill. ;
_c30cm.
650 _aPhD-Materials Engineering
_9123162
700 _aDr. Mohammad Bilal.
_919478
856 _u http://10.250.8.41:8080/xmlui/handle/123456789/27016
942 _2ddc
_cTHE
999 _c527983
_d527983